000 01894nam a2200325 a 4500
999 _c1882
_d1882
001 1882
003 BD-JhCC
005 20200408134007.0
008 080201r20062005nyu b 000 0 eng d
020 _a9780452289963
020 _a0452289963
020 _a9780452287587 (pbk.)
020 _a0452287588 (pbk.)
029 1 _aNLGGC
_b312672292
035 _a(BD-JhCC) 1882
040 _aUPZ
_cUPZ
_dOCLCG
_dPX0
_dEPL
_dCD5
_dJED
_dIEF
_dBTCTA
_dBAKER
_dZJI
_dYDXCP
_dQ2Z
_dMYG
_dOrLoB-B
_dBD-JhCC
041 _aeng
050 1 4 _aBL624.T635 2006
082 0 4 _a204.4
_223
_bTOL 2006
100 1 _aTolle, Eckhart,
_d1948-
245 1 2 _aA new earth :
_bawakening to your life's purpose /
_cEckhart Tolle.
260 _aNew York :
_bPlume,
_c2005 [Reprinted 2006]
300 _a[xiv], 316 p. ;
_c24 cm.
500 _aOriginally published: New York : Dutton/Penguin Group, 2005.
504 _aIncludes bibliographical references (p. 311-313).
520 _aTolle presents readers with an honest look at the current state of humanity: he implores us to see and accept that this state, which is based on an erroneous identification with the egoic mind, is one of dangerous insanity. However, there is an alternative to this potentially dire situation. Humanity now, perhaps more than in any previous time, has an opportunity to create a new, saner, more loving world. This will involve a radical inner leap from the current egoic consciousness to an entirely new one. In illuminating the nature of this shift, Tolle describes in detail how our current ego-based state of consciousness operates. Then gently, and in very practical terms, he leads us into this new consciousness. We will come to experience who we truly are--which is something infinitely greater than anything we currently think we are.--From publisher description.
650 0 _aSpiritual life.
942 _2ddc
_cBK
_06